| 000 | 00551nam a2200193 i 4500 | ||
|---|---|---|---|
| 001 | 7829 | ||
| 003 | ES-MaACL | ||
| 005 | 20230906145323.0 | ||
| 007 | t| | ||
| 008 | 910512s1991 sp ||||1| spa d | ||
| 020 | _a84-86763-40-1 | ||
| 080 | _a9(=924)(46) | ||
| 100 | 1 |
_aGonzález García, Isidro. _958650 |
|
| 245 | 1 | 3 |
_aEl Retorno de los judíos / _cIsidro González. |
| 260 |
_aMadrid : _bNerea, _c1991. |
||
| 300 |
_a331 p. ; _c21 cm. |
||
| 650 | 1 | 4 |
_aAntisemitismo- _xOpinión española. _99865 |
| 852 |
_aES-MaACL _jL-15052 _bR.119439 _z. - rust. |
||
| 999 |
_c7829 _d7829 |
||